| 000 | 01307nam a2200205Ia 4500 | ||
|---|---|---|---|
| 003 | Ost | ||
| 005 | 20260507075108.0 | ||
| 008 | 260507s9999||||xx |||||||||||||| ||und|| | ||
| 040 | _cfsecg | ||
| 041 | _aara | ||
| 082 | _a338.9 | ||
| 100 |
_aصبري، نضال رشيد _eمؤلف |
||
| 245 | 0 |
_aالتخطيط والرقابة المالية في المنشآت الزراعية / _c نضال رشيد صبري |
|
| 260 |
_aعمان: _bالمنظمة العربية للتنمية الادارية, _c1994 |
||
| 300 |
_a422 صفحة؛ _bإيضاحات ؛ _c24 سم |
||
| 504 | _aمراجع ص.409 | ||
| 520 | _aمقدمة في التعريف بالمنشأة الزراعية و التعريف بالنظام المحاسبي فيها و استخدام التخطيط و الرقابة المالية فيها و تناول التخطيط باستخدام الموازنة التشغيلية و تخطيط الاستثمارات طويلة الاجل و البرمجة الخطية في المنشاة الزراعية و نماذج أخرى في التخطيط المالي كما تم التطرق الى الرقابة على أداء العمل في المنشأة الزراعية و التحليل المالي لأنشطتها. | ||
| 653 | _aالرقابة المالية | ||
| 942 | _cكتاب | ||
| 999 |
_c42836 _d42836 |
||